000 00263nam a2200109Ia 4500
008 230907s9999||||xx |||||||||||||| ||und||
082 _a612
_bTOR
100 _aTortora, Gerard J.,
245 0 _aIntroduction to the human body :
300 _a563 p :
942 _cBK
999 _c601019
_d601019